00535cam a22001097a 4500008004000000082001900040245017100059260005000230700003600280999001900316952009000335180718b1960 xxu||||| |||| 00| 0 eng d aN4x42 Un3rcm/9 aRoyal commission on the police: minutes of evidence 9 ninth day, Tuesday, 21st June, 1960 (witnesses: county councils association)cby Her Majesty's Stationery Office aLondonbHer Majesty's Stationery Officec1960 aHer Majesty's Stationery Office c411155d411155 00104070aIIPAbIIPAd2009-01-28oN4x42 Un3rcm/9p25125r2018-07-21w2018-07-21yBK